000
00315nam a2200133Ia 4500
008
231129s1976||||xx |||||||||||||| ||spa||
040
_b
spa
082
_a
(i) 986.104 A139f
100
_a
Abella Arturo
245
0
_a
El florero de Llorente Arturo Abella
260
_c
1976
264
_a
Bedout
942
_2
ddc
_c
BKS
999
_c
11103
_d
11103